000 00643 a2200205 4500
999 _c9985
_d9985
022 _a0038-2396
050 _aKTL19 A35SOU 1965
100 _aFisher, D. S.
_eeditor
245 _aSouth African law reports:
_b1965 (2) March /
_cDavid S. Fisher et al....
264 _aCapa Town:
_bJuta & Company,
_c1965.
300 _a1152p. :
500 _aSouth African Law Reports
650 _aLaw reports, digests, etc. -- South Africa
700 _aHanmer, N.
_eeditor
700 _aPienaar, G.
_eeditor
700 _aEvans, J.
_eeditor
700 _aVan Coller, K.
_eeditor
700 _aBedwell, G.
_eeditor
942 _2lcc
_cSERIALS
_h19.A35
_iSOU
_kKTL